| 000 | 00332nam a22001457a 4500 | ||
|---|---|---|---|
| 003 | SGT | ||
| 020 | _a978-81-312-4886-7 | ||
| 082 |
_a615.4 _bP17S |
||
| 100 | _aSATOSKAR,R.S | ||
| 245 | _aPHARMACOLOGY AND PHARMACOTHERAPEUTICS | ||
| 260 |
_aNEW YORK, _bELSEVIER _c2017 |
||
| 300 | _a1155 | ||
| 650 | _aAYURVEDA | ||
| 942 |
_2ddc _cBK _01 |
||
| 999 |
_c14698 _d14698 |
||